La niña y el viento ; Pluft, el fantasmita ; El caballero azul / (Record no. 189934)

MARC details
000 -LEADER
campo de control de longitud fija 00729nam a2200217 i 4500
001 - NÚMERO DE CONTROL
campo de control 189934
003 - IDENTIFICADOR DE NÚMERO DE CONTROL
campo de control ES-MaACL
005 - FECHA Y HORA DE LA ÚLTIMA TRANSACCIÓN
campo de control 20230906223609.0
008 - DATOS DE LONGITUD FIJA--INFORMACIÓN GENERAL
campo de control de longitud fija 200130s1966 ag |||| | spa d
100 1# - ENTRADA PRINCIPAL--NOMBRE DE PERSONA
Nombre de persona Machado, María Clara.
9 (RLIN) 75164
245 13 - MENCIÓN DEL TÍTULO
Título La niña y el viento ; Pluft, el fantasmita ; El caballero azul /
Mención de responsabilidad, etc. María Clara Machado ; [traductora, María Julieta Drummond].
246 3# - FORMA VARIANTE DEL TITULO
Título propio/Titulo breve Pluft, el fantasmita
260 ## - PUBLICACIÓN, DISTRIBUCIÓN, ETC.
Lugar de publicación, distribución, etc. Buenos Aires :
Nombre del editor, distribuidor, etc. Losange,
Fecha de publicación, distribución, etc. 1966.
300 ## - DESCRIPCIÓN FÍSICA
Extensión 108 p. ;
Dimensiones 20 cm.
490 1# - MENCIÓN DE SERIE
Mención de serie Teatro brasileño ;
Designación de volumen o secuencia 1
700 1# - ENTRADA AGREGADA--NOMBRE PERSONAL
Nombre de persona Drummond, Maria Julieta.
9 (RLIN) 169453
740 32 - ENTRADA AGREGADA--TÍTULO RELACIONADO/ANALÍTICO NO CONTROLADO
Título relacionado o analítico no controlado El caballero azul.
830 1# - PUNTO DE ACCESO ADICIONAL DE SERIE-TÍTULO UNIFORME
Título uniforme Teatro brasileño ;
Designación de volumen o secuencia 1
9 (RLIN) 180921
852 ## - LOCALIZACIÓN
Ubicación ES-MaACL
Número de control de estantería P-1224-1
Holdings
Estatus retirado Estado de pérdida Estado de daño No para préstamo Biblioteca de origen Biblioteca actual Ubicación en estantería Fecha de adquisición Fuente de adquisición Total de préstamos Signatura topográfica completa Código de barras Visto por última vez Precio de reemplazo Tipo de ítem Koha
        Biblioteca del Ateneo de Madrid Biblioteca del Ateneo de Madrid Depósito 2 19/04/2005     P-1224-1 1201494 23/02/2023 23/02/2023 Libro impreso